BGMEA University of Fashion and Technology
University Library

Globalization and business practice : (Record no. 2647)

MARC details
000 -LEADER
fixed length control field 00712nam a2200229Ka 4500
001 - CONTROL NUMBER
control field 2647
003 - CONTROL NUMBER IDENTIFIER
control field BD-DhBUF
005 - DATE AND TIME OF LATEST TRANSACTION
control field 20250928122602.0
008 - FIXED-LENGTH DATA ELEMENTS--GENERAL INFORMATION
fixed length control field 990125s1998 enkab b 001 0 eng d
016 00 - NATIONAL BIBLIOGRAPHIC AGENCY CONTROL NUMBER
Record control number 100=NOTNAL
020 ## - INTERNATIONAL STANDARD BOOK NUMBER
International Standard Book Number 076195693X
020 ## - INTERNATIONAL STANDARD BOOK NUMBER
International Standard Book Number 0761956948 (pbk)
035 ## - SYSTEM CONTROL NUMBER
System control number (StEdNL)939659-nlsdb-Voyager
040 ## - CATALOGING SOURCE
Original cataloging agency StEdNL
Transcribing agency StEdNL
100 1# - MAIN ENTRY--PERSONAL NAME
Personal name Parker, Barbara.
245 10 - TITLE STATEMENT
Title Globalization and business practice :
Remainder of title managing across boundaries /
Statement of responsibility, etc. Barbara Parker.
260 ## - PUBLICATION, DISTRIBUTION, ETC.
Place of publication, distribution, etc. London :
Name of publisher, distributor, etc. Sage,
Date of publication, distribution, etc. 1998.
300 ## - PHYSICAL DESCRIPTION
Extent xvi, 655 p. :
Other physical details ill., maps ;
Dimensions 25 cm.
504 ## - BIBLIOGRAPHY, ETC. NOTE
Bibliography, etc. note Includes bibliographical references and index.
650 #0 - SUBJECT ADDED ENTRY--TOPICAL TERM
Topical term or geographic name entry element International business enterprises
General subdivision Management.
942 ## - ADDED ENTRY ELEMENTS (KOHA)
Source of classification or shelving scheme Dewey Decimal Classification
Koha item type Books
Holdings
Withdrawn status Lost status Source of classification or shelving scheme Damaged status Not for loan Home library Current library Date acquired Total Checkouts Full call number Barcode Date last seen Copy number Price effective from Koha item type
    Dewey Decimal Classification     BUFT Library BUFT Library 05/31/2010   658.049 P2351g 1998 2010-0133 09/28/2025 C-1 09/28/2025 Books
Copyright © 2019-2023 | BUFT Library
BGMEA University of Fashion and Technology
Library Home | University Home
| Maintained by Library Team